| Tag |
First Indicator |
Second Indicator |
Subfields |
| LEADER |
00000pam a2200000 i 4500 |
| 001 |
in00000670331 |
| 005 |
20151015094049.0 |
| 008 |
800110s1980 nyua j 00110 eng |
| 010 |
|
|
|a 80000369
|
| 020 |
|
|
|a 0688222307
|
| 020 |
|
|
|a 0688322301 (lib. bdg.)
|
| 035 |
|
|
|a (OCoLC)05946550
|
| 035 |
|
|
|9 ACY8625AM
|
| 040 |
|
|
|a DLC
|c DLC
|d TXA
|d UtOrBLW
|
| 049 |
|
|
|a [Curr Col] TXAM
|c [1327394]
|
| 050 |
0 |
0 |
|a QB401
|b .K58 1980
|
| 082 |
0 |
|
|a 523.9/8
|
| 100 |
1 |
|
|a Knight, David C.
|
| 245 |
1 |
4 |
|a The moons of our solar system /
|c David C. Knight ; illustrated with diagrs. by Ellen Cullen and photos.
|
| 250 |
|
|
|a Newly rev. ed.
|
| 264 |
|
1 |
|a New York :
|b Morrow,
|c 1980.
|
| 300 |
|
|
|a 127 pages :
|b illustrations ;
|c 22 cm.
|
| 336 |
|
|
|a text
|b txt
|2 rdacontent
|
| 337 |
|
|
|a unmediated
|b n
|2 rdamedia
|
| 338 |
|
|
|a volume
|b nc
|2 rdacarrier
|
| 500 |
|
|
|a Previous edition published in 1974 under title: Thirty-two moons.
|
| 500 |
|
|
|a Includes index.
|
| 520 |
|
|
|a Discusses the possible origins, composition, and characteristics of the natural satellites in the solar system. Incorporates data from the Voyager and Pioneer flights.
|
| 650 |
|
0 |
|a Satellites
|x Juvenile literature.
|
| 650 |
|
1 |
|a Satellites.
|
| 650 |
|
1 |
|a Solar system.
|
| 700 |
1 |
|
|a Cullen, Ellen.
|
| 999 |
|
|
|a MARS
|
| 999 |
f |
f |
|s 23f141ee-21b4-3b66-995f-f65602e40bd7
|i 035729ae-0cf4-3465-a5a1-817e10efec64
|t 0
|
| 952 |
f |
f |
|p ric
|a Texas A&M University
|b Rellis Campus
|c Joint Library Facility
|d Remote Storage
|t 0
|e QB401 .K58 1980
|h Library of Congress classification
|i unmediated -- volume
|m A14800252222
|
| 998 |
f |
f |
|a QB401 .K58 1980
|t 0
|l Remote Storage
|